000 00234nam a2200097Ia 4500
008 220204s9999 xx 000 0 und d
082 _a06.055.5:35
_bIND
245 0 _aIIPA, Annual report 1971-1972
260 _aDelhi
_bIIPA
942 _cBK
999 _c21799
_d21799